Statistics for Boroughs of Greater Manchester

Click here to take the quiz!

General Stats

  • This quiz has been taken 61 times
  • The average score is 8 of 10

Answer Stats

Answer% Correct
Stockport
94%
Salford
90%
Bury
87%
Rochdale
84%
Wigan
84%
Bolton
81%
Oldham
81%
Manchester
77%
Trafford
77%
Tameside
61%

Score Distribution

Percentile by Number Answered

Percent of People with Each Score

Your Score History

You have not taken this quiz